|
|
|
|
| LEADER |
01576nam a2200301 a 4500 |
| 001 |
4904473 |
| 008 |
091121s1994 cauab b 001 0 eng d |
| 010 |
|
|
|a 94001702
|
| 020 |
|
|
|a 1558153241
|
| 040 |
|
|
|a DLC
|c DLC
|d DLC
|
| 082 |
0 |
0 |
|a 338.9
|2 20
|
| 100 |
1 |
|
|a Lal, Deepak.
|
| 245 |
1 |
0 |
|a Against dirigisme :
|b the case for unshackling economic markets /
|c Deepak Lal.
|
| 260 |
|
|
|a San Francisco, Calif. :
|b ICS Press,
|c c1994.
|
| 300 |
|
|
|a xi, 339 p. :
|b ill., map ;
|c 23 cm.
|
| 500 |
|
|
|a "An International Center for Economic Growth publication."
|
| 504 |
|
|
|a Includes bibliographical references and index.
|
| 541 |
1 |
|
|e 00007216
|
| 650 |
|
0 |
|a Economic policy.
|
| 650 |
|
0 |
|a Commercial policy.
|
| 650 |
|
0 |
|a Free enterprise.
|
| 710 |
2 |
|
|a International Center for Economic Growth.
|
| 852 |
4 |
|
|a Ayesha Abed Library
|j General Shelf
|
| 999 |
|
|
|c 5749
|d 5749
|
| 952 |
|
|
|0 0
|1 0
|2 ddc
|4 0
|6 338_900000000000000_LAL_1994
|7 0
|9 5687
|a BRACUL
|b BRACUL
|c GEN
|d 2009-11-22
|g 0.00
|l 0
|o 338.9 LAL
|p 3010007216
|r 2009-11-22
|t 1
|w 2009-11-22
|y BK
|x No price found in the accession register.
|
| 952 |
|
|
|0 0
|1 0
|2 ddc
|4 0
|6 338_900000000000000_LAL
|7 0
|9 53626
|a SCL
|b SCL
|c GEN
|d 2015-04-29
|e Gift: The Asia Foundation
|l 0
|o 338.9 LAL
|p 3020000218
|r 2015-04-29
|t 2
|w 2015-04-29
|y BK
|
| 952 |
|
|
|0 0
|1 0
|2 ddc
|4 0
|6 338_900000000000000_LAL
|7 0
|9 53634
|a SCL
|b SCL
|c GEN
|d 2015-04-30
|e Gift: The Asia Foundation
|l 0
|o 338.9 LAL
|p 3020000217
|r 2015-04-30
|t 3
|w 2015-04-30
|y BK
|
| 952 |
|
|
|0 0
|1 0
|2 ddc
|4 0
|6 338_900000000000000_LAL
|7 0
|9 53637
|a SCL
|b SCL
|c GEN
|d 2015-04-30
|e Gift: The Asia Foundation
|l 0
|o 338.9 LAL
|p 3020001481
|r 2015-04-30
|t 4
|w 2015-04-30
|y BK
|